A Raiffeisen Bank Zrt. üzleti modellje

Bibliográfiai részletek
Szerző: Kaló Kinga
További közreműködők: Réthi Dr. Gábor
Dokumentumtípus: Projektmunka
Kulcsszavak:Raiffeisen Bank Zrt.
üzleti modell
Banki szolgáltatások
Online Access:http://dolgozattar.uni-bge.hu/22130

MARC

LEADER 00000nnm a2200000 i 4500
001 dolg22130
005 20190515145209.0
008 190515suuuu hu o 000 hun d
040 |a BGE Dolgozattár Repozitórium  |b hun 
041 |a hu 
100 1 |a Kaló Kinga 
245 1 2 |a A Raiffeisen Bank Zrt. üzleti modellje  |c Kaló Kinga  |h [elektronikus dokumentum] 
516 |a Project_work 
695 |a Raiffeisen Bank Zrt. 
695 |a üzleti modell 
695 |a Banki szolgáltatások 
700 1 |a Réthi Dr. Gábor  |e ths 
856 4 0 |u http://dolgozattar.uni-bge.hu/22130/1/Kal%C3%B3%20Kinga%20z%C3%A1r%C3%B3dolgozat%20%281%29.pdf  |z Dokumentum-elérés 
856 4 0 |u http://dolgozattar.uni-bge.hu/22130/2/New%20Doc%202019-05-15%2009.23.10_1%20%281%29%20%281%29.pdf  |z Dokumentum-elérés